Catálogo público

Los caprinos en los municipios de Ixmiquilpan, Tasquillo y Zimapan, Hgo. : situación actual y perspectivas / (Record no. 163227)

MARC details
000 -CABECERA
campo de control de longitud fija 00882nam a2200277Ia 4500
001 - NÚMERO DE CONTROL
campo de control Z_253
003 - IDENTIFICADOR DEL NÚMERO DE CONTROL
campo de control CHAP
008 - DATOS DE LONGITUD FIJA--INFORMACIÓN GENERAL
campo de control de longitud fija 220113s1985 xx 000 0 und d
010 ## - NÚMERO DE CONTROL DE LA BIBLIOTECA DEL CONGRESO
Número de control de LC 163227
040 ## - FUENTE DE LA CATALOGACIÓN
Centro/agencia transcriptor CHAP
090 ## - LOCALMENTE ASIGNADO TIPO-LC NÚMERO DE CLASIFICACIÓN (OCLC); NÚMERO DE CLASIFICACIÓN LOCAL (RLIN)
Número de clasificación (OCLC) (R) ; Numero de clasificación, CALL (RLIN) (NR) Tesis A 302
100 ## - ENTRADA PRINCIPAL--NOMBRE DE PERSONA
Nombre de persona Aceves Ochoa, José
9 (RLIN) 532
245 ## - MENCIÓN DE TÍTULO
Título Los caprinos en los municipios de Ixmiquilpan, Tasquillo y Zimapan, Hgo. : situación actual y perspectivas /
Mención de responsabilidad, etc. José Aceves Ochoa, Rafael Bazán Bazán y Enrique Cortes Díaz
260 ## - PUBLICACIÓN, DISTRIBUCIÓN, ETC.
Lugar de publicación, distribución, etc. Chapingo, Méx. :
Nombre del editor, distribuidor, etc. El autor,
Fecha de publicación, distribución, etc. 1985
300 ## - DESCRIPCIÓN FÍSICA
Extensión 93 h. : mapas
502 ## - NOTA DE TESIS
Nota de tesis Tesis (Ing. Agrónomo Esp. en Zootecnia) -- UACH. Departamento de Zootecnia
650 ## - PUNTO DE ACCESO ADICIONAL DE MATERIA--TÉRMINO DE MATERIA
Término de materia o nombre geográfico como elemento de entrada Ganadería
Subdivisión general Hidalgo
9 (RLIN) 44744
650 ## - PUNTO DE ACCESO ADICIONAL DE MATERIA--TÉRMINO DE MATERIA
Término de materia o nombre geográfico como elemento de entrada Hidalgo
Subdivisión general Ganadería
9 (RLIN) 137534
650 ## - PUNTO DE ACCESO ADICIONAL DE MATERIA--TÉRMINO DE MATERIA
Término de materia o nombre geográfico como elemento de entrada Hidalgo
Subdivisión general Ganado cabrío
9 (RLIN) 137535
901 ## - ELEMENTOS DE DATOS A LOCAL LDA (RLIN)
a TESIS A 302
902 ## - ELEMENTOS DE DATOS B LOCAL, LDB (RLIN)
a M
910 ## - DATOS DE OPCIÓN DEL USUARIO (OCLC)
Datos de opción del usuario 1985
942 ## - ELEMENTOS DE PUNTO DE ACCESO ADICIONAL (KOHA)
Tipo de ítem Koha Tesis_
942 ## - ELEMENTOS DE PUNTO DE ACCESO ADICIONAL (KOHA)
Tipo de ítem Koha Tesis_
Holdings
Estado de retiro Estado de pérdida Fuente del sistema de clasificación o colocación Estado dañado Restricciones de uso No para préstamo Código de colección Localización permanente Ubicación/localización actual Fecha de adquisición Fuente de adquisición Total de préstamos Signatura topográfica completa Código de barras Fecha visto por última vez Número de copia Precio válido a partir de Tipo de ítem Koha
    Clasificación Universidad Autónoma de Chapingo   Préstamo interno   Tesis Zootecnia Zootecnia 09/11/2005 El autor   Tesis A24 302 1985 5101000444 18/01/2022 Ej.1 18/01/2022 Tesis
    Clasificación Universidad Autónoma de Chapingo   Préstamo 5 días   Tesis Zootecnia Zootecnia 09/11/2005 El autor   Tesis A24 302 1985 5101000445 18/01/2022 Ej.2 18/01/2022 Tesis